[Event "Ruhrgebiet Verbandsklasse Gruppe 1 1516"]
[Site "Germany"]
[Date "2016.04.24"]
[Round "9.3"]
[White "Laudage, Bernd"]
[Black "Panofen, Ingo"]
[Result "1-0"]
[WhiteElo "2087"]
[BlackElo "1870"]
[PlyCount "67"]
[EventDate "2015.09.06"]
[EventType "team-tourn"]
[EventRounds "9"]
[EventCountry "GER"]
[SourceTitle "EXT 2022"]
[Source "ChessBase"]
[SourceDate "2021.10.06"]
[SourceVersion "1"]
[SourceVersionDate "2021.10.06"]
[SourceQuality "1"]
[WhiteTeam "Osterfeld Schwarze Dame"]
[BlackTeam "Sodingen/Castrop SK III"]
[WhiteTeamCountry "GER"]
[BlackTeamCountry "GER"]

1. e4 c5 2. Nc3 g6 3. g3 Bg7 4. Bg2 Nc6 5. Nge2 Nf6 6. d3 d6 7. h3 0-0 8. Be3 Rb8 9. f4 e5 10. 0-0 Nd4 11. Qd2 Nh5 12. f5 b5 13. g4 b4 14. gxh5 bxc3 15. bxc3 Nxe2+ 16. Qxe2 gxf5 17. exf5 h6 18. Kh2 Qf6 19. Be4 Bb7 20. c4 Bxe4 21. dxe4 Kh7 22. Rf3 Qh4 23. Rg3 Bf6 24. Rg4 Rg8 25. Rxh4 Bxh4 26. Rg1 Rxg1 27. Bxg1 Rb2 28. a3 Rb1 29. Be3 Re1 30. Qf3 Ra1 31. f6 Rxa3 32. Qf5+ Kh8 33. Bxh6 Rg3 34. Bg7+ 1-0

[Event "Ruhrgebiet Verbandsklasse Gruppe 1 1516"]
[Site "Germany"]
[Date "2016.01.24"]
[Round "6.3"]
[White "Doehmann, Joerg"]
[Black "Laudage, Bernd"]
[Result "0-1"]
[WhiteElo "1778"]
[BlackElo "2086"]
[PlyCount "136"]
[EventDate "2015.09.06"]
[EventType "team-tourn"]
[EventRounds "9"]
[EventCountry "GER"]
[SourceTitle "EXT 2022"]
[Source "ChessBase"]
[SourceDate "2021.10.06"]
[SourceVersion "1"]
[SourceVersionDate "2021.10.06"]
[SourceQuality "1"]
[WhiteTeam "Wattenscheid SV IV"]
[BlackTeam "Osterfeld Schwarze Dame"]
[WhiteTeamCountry "GER"]
[BlackTeamCountry "GER"]

1. c4 Nf6 2. Nc3 d6 3. d4 Nbd7 4. Nf3 e5 5. e4 c6 6. Be2 Be7 7. 0-0 Qc7 8. Re1 Nf8 9. h3 Ng6 10. Bf1 0-0 11. Be3 b6 12. Qc2 Bd7 13. g3 h6 14. Rad1 b5 15. dxe5 dxe5 16. cxb5 cxb5 17. Qb1 Qb7 18. Nd5 Bc6 19. Nxe7+ Qxe7 20. Nd2 Rfd8 21. Bg2 Qb7 22. f3 Nd7 23. Nb3 a5 24. Nc5 Nxc5 25. Bxc5 Nf8 26. Rxd8 Rxd8 27. Bxf8 Kxf8 28. Rd1 Qb6+ 29. Kh2 Ke7 30. Rxd8 Qxd8 31. Qc2 Qd6 32. a3 b4 33. axb4 axb4 34. Bf1 Kd7 35. Qd3 Qxd3 36. Bxd3 Kd6 37. Kg2 Kc5 38. Kf2 Kd4 39. Ke2 f5 40. exf5 Bxf3+ 41. Kd2 Bg2 42. h4 Bh3 43. Bc2 e4 44. Ba4 Bxf5 45. Bb5 Be6 46. Ba6 Bc4 47. Bc8 e3+ 48. Ke1 Ke4 49. Bg4 g6 50. Bd1 b3 51. Bg4 h5 52. Bd1 Kd4 53. Bf3 Be6 54. Be2 Bf5 55. Bb5 Bd3 56. Bc6 Ke5 57. Bb7 Bc4 58. Bc6 Bd5 59. Be8 Be4 60. Ke2 Kd4 61. Bb5 Bf5 62. Ba6 Bg4+ 63. Ke1 Bf3 64. Bb5 Bd5 65. Ke2 Bf7 66. Bd3 Be8 67. Ba6 Bd7 68. Bd3 Bg4+ 0-1

[Event "NRW Verbandsliga Group2 1314"]
[Site "Nordrheinwestfalen"]
[Date "2013.11.24"]
[Round "4"]
[White "Laudage, Bernd"]
[Black "Boehm, Juergen1"]
[Result "1/2-1/2"]
[WhiteElo "2086"]
[BlackElo "2153"]
[PlyCount "41"]
[EventDate "2013.09.08"]
[EventType "team-tourn"]
[EventRounds "9"]
[EventCountry "GER"]
[SourceTitle "EXT 2020"]
[Source "ChessBase"]
[SourceDate "2019.10.17"]
[SourceVersion "1"]
[SourceVersionDate "2019.10.17"]
[SourceQuality "1"]
[WhiteTeam "Osterfeld Schwarze Dame"]
[BlackTeam "Brackel SF II"]
[WhiteTeamCountry "GER"]
[BlackTeamCountry "GER"]

1. e4 e6 2. d3 d5 3. Nd2 Nf6 4. c3 Nc6 5. Ngf3 Bd6 6. Be2 0-0 7. Qc2 e5 8. Nf1 h6 9. Ng3 Re8 10. 0-0 Be6 11. Bd2 a5 12. b3 Qd7 13. Rad1 Rad8 14. Bc1 Qc8 15. Nh4 Bf8 16. Nhf5 dxe4 17. dxe4 Rxd1 18. Rxd1 Rd8 19. Ne3 Rxd1+ 20. Qxd1 Qb8 21. Qc2 1/2-1/2

[Event "NRW Verbandsliga Group2 1314"]
[Site "Nordrheinwestfalen"]
[Date "2013.10.13"]
[Round "2"]
[White "Laudage, Bernd"]
[Black "Spyrou, Emmanouil"]
[Result "1/2-1/2"]
[WhiteElo "2086"]
[BlackElo "2209"]
[PlyCount "23"]
[EventDate "2013.09.08"]
[EventType "team-tourn"]
[EventRounds "9"]
[EventCountry "GER"]
[SourceTitle "EXT 2020"]
[Source "ChessBase"]
[SourceDate "2019.10.17"]
[SourceVersion "1"]
[SourceVersionDate "2019.10.17"]
[SourceQuality "1"]
[WhiteTeam "Osterfeld Schwarze Dame"]
[BlackTeam "Hamm SVg"]
[WhiteTeamCountry "GER"]
[BlackTeamCountry "GER"]

1. e4 c5 2. d3 Nc6 3. Nf3 g6 4. c3 Bg7 5. Be2 e5 6. Be3 b6 7. Qc1 h6 8. 0-0 Nf6 9. c4 d6 10. Nc3 Nd4 11. h3 Be6 12. Bd1 1/2-1/2

[Event "Ruhrgebiet VK3 1213"]
[Site "Nordrheinwestfalen"]
[Date "2012.09.30"]
[Round "2.1"]
[White "Konietzka, Bernd"]
[Black "Laudage, Bernd"]
[Result "1/2-1/2"]
[WhiteElo "1920"]
[BlackElo "2081"]
[PlyCount "44"]
[EventDate "2012.09.02"]
[EventType "team-tourn"]
[EventRounds "9"]
[EventCountry "GER"]
[SourceTitle "EXT 2020"]
[Source "ChessBase"]
[SourceDate "2019.10.17"]
[SourceVersion "1"]
[SourceVersionDate "2019.10.17"]
[SourceQuality "1"]
[WhiteTeam "Horst Emscher II"]
[BlackTeam "Osterfeld Schwarze Dame"]
[WhiteTeamCountry "GER"]
[BlackTeamCountry "GER"]

1. e4 d6 2. d4 c6 3. Nc3 Nd7 4. f4 Qc7 5. Nf3 e5 6. Be2 Ngf6 7. h3 Be7 8. Be3 b5 9. a3 0-0 10. Qd2 a5 11. 0-0 Bb7 12. dxe5 dxe5 13. fxe5 Nxe5 14. Nxe5 Qxe5 15. Bd3 b4 16. Na4 Nxe4 17. Qe1 c5 18. Nb6 Rad8 19. axb4 Bd6 20. Bf4 Qd4+ 21. Be3 Qe5 22. Bf4 Qd4+ 1/2-1/2

[Event "Ruhrgebiet VK3 1112"]
[Site "Nordrheinwestfalen"]
[Date "2012.02.12"]
[Round "6"]
[White "Laudage, Bernd"]
[Black "Mallee, Ralph"]
[Result "1/2-1/2"]
[WhiteElo "2159"]
[BlackElo "2135"]
[PlyCount "41"]
[EventDate "2012.09.18"]
[EventType "team-tourn"]
[EventRounds "9"]
[EventCountry "GER"]
[SourceTitle "EXT 2020"]
[Source "ChessBase"]
[SourceDate "2019.10.17"]
[SourceVersion "1"]
[SourceVersionDate "2019.10.17"]
[SourceQuality "1"]
[WhiteTeam "Osterfeld Schwarze Dame"]
[BlackTeam "Dortmund SV"]
[WhiteTeamCountry "GER"]
[BlackTeamCountry "GER"]

1. e4 e5 2. d3 Nc6 3. Nf3 f5 4. c3 Nf6 5. Nbd2 d5 6. Qc2 Be7 7. Be2 0-0 8. 0-0 Kh8 9. exd5 Nxd5 10. Nc4 Bf6 11. a4 g5 12. Rd1 g4 13. Nfd2 Nf4 14. Nf1 Nxe2+ 15. Qxe2 Qe8 16. b4 a6 17. Bb2 Be6 18. Nfd2 b5 19. axb5 axb5 20. Na3 Rb8 21. Re1 1/2-1/2

[Event "Ruhrgebiet VK3 1112"]
[Site "Nordrheinwestfalen"]
[Date "2011.12.11"]
[Round "4.1"]
[White "Grodotzki, Thomas"]
[Black "Laudage, Bernd"]
[Result "1/2-1/2"]
[WhiteElo "2003"]
[BlackElo "2159"]
[PlyCount "29"]
[EventDate "2012.09.18"]
[EventType "team-tourn"]
[EventRounds "9"]
[EventCountry "GER"]
[SourceTitle "EXT 2020"]
[Source "ChessBase"]
[SourceDate "2019.10.17"]
[SourceVersion "1"]
[SourceVersionDate "2019.10.17"]
[SourceQuality "1"]
[WhiteTeam "Wacker Bergeborbeck"]
[BlackTeam "Osterfeld Schwarze Dame"]
[WhiteTeamCountry "GER"]
[BlackTeamCountry "GER"]

1. e4 c6 2. d4 d6 3. Nf3 Bg4 4. Be2 Nd7 5. h3 Bxf3 6. Bxf3 e5 7. 0-0 Ngf6 8. Nc3 Be7 9. Be3 Qc7 10. Ne2 0-0 11. Ng3 Rfe8 12. c3 Bf8 13. Re1 c5 14. Bg4 Nb6 15. d5 1/2-1/2

[Event "Ruhrgebiet VK3 1112"]
[Site "Nordrheinwestfalen"]
[Date "2011.11.13"]
[Round "3"]
[White "Laudage, Bernd"]
[Black "Unteregge, Michael"]
[Result "1/2-1/2"]
[WhiteElo "2159"]
[BlackElo "1967"]
[PlyCount "81"]
[EventDate "2012.09.18"]
[EventType "team-tourn"]
[EventRounds "9"]
[EventCountry "GER"]
[SourceTitle "EXT 2020"]
[Source "ChessBase"]
[SourceDate "2019.10.17"]
[SourceVersion "1"]
[SourceVersionDate "2019.10.17"]
[SourceQuality "1"]
[WhiteTeam "Osterfeld Schwarze Dame"]
[BlackTeam "Germania Kupferdreh"]
[WhiteTeamCountry "GER"]
[BlackTeamCountry "GER"]

1. e4 c6 2. d3 d5 3. Nd2 e5 4. Ngf3 Bd6 5. g3 Nf6 6. Bg2 0-0 7. 0-0 Bg4 8. h3 Bh5 9. Qe2 dxe4 10. dxe4 Nbd7 11. Nc4 Bc7 12. Rd1 Qe7 13. g4 Bg6 14. Nh4 Nb6 15. Bg5 Rfd8 16. Ne3 Rxd1+ 17. Rxd1 Rd8 18. b3 Rxd1+ 19. Nxd1 Nbd7 20. a4 Nf8 21. Nf5 Bxf5 22. exf5 N8d7 23. Be3 Bb6 24. Qd2 Kf8 25. a5 Bxe3 26. Nxe3 a6 27. Nc4 Ne8 28. b4 Ndf6 29. c3 h6 30. Qe3 Nd7 31. Qa7 Ndf6 32. Qe3 Nd7 33. Nd2 Nd6 34. Qd3 Nf6 35. Qe3 Nd7 36. Nf3 Nc4 37. Qe2 Nd6 38. Bf1 Nb5 39. Qe3 Nd6 40. Nd2 Qf6 41. Bg2 1/2-1/2

[Event "Ruhrgebiet VL1 0910"]
[Site "Germany"]
[Date "2009.09.06"]
[Round "1.2"]
[White "Ahling, Michael"]
[Black "Laudage, Bernd"]
[Result "1/2-1/2"]
[WhiteElo "2178"]
[BlackElo "2159"]
[PlyCount "32"]
[EventDate "2009.09.06"]
[EventType "team-tourn"]
[EventRounds "9"]
[EventCountry "GER"]
[SourceTitle "EXT 2011"]
[Source "ChessBase"]
[SourceDate "2010.11.26"]
[SourceVersion "1"]
[SourceVersionDate "2010.11.26"]
[SourceQuality "1"]
[WhiteTeam "Horst Emscher"]
[BlackTeam "Osterfeld"]
[WhiteTeamCountry "GER"]
[BlackTeamCountry "GER"]

1. d4 Nf6 2. Nf3 d6 3. Bf4 g6 4. e3 Bg7 5. h3 0-0 6. Be2 c5 7. c3 b6 8. 0-0 Ba6 9. Nbd2 Bxe2 10. Qxe2 Nbd7 11. Bh2 Ne8 12. e4 Nc7 13. e5 d5 14. Ng5 e6 15. f4 Qe7 16. Kh1 Nb8 1/2-1/2

[Event "Ruhrgebiet VL1 0708"]
[Site "Germany"]
[Date "2008.03.09"]
[Round "7.5"]
[White "Mrozinski, Werner"]
[Black "Laudage, Bernd"]
[Result "1-0"]
[WhiteElo "2087"]
[BlackElo "2159"]
[PlyCount "83"]
[EventDate "2007.09.02"]
[EventType "team-tourn"]
[EventRounds "9"]
[EventCountry "GER"]
[SourceTitle "EXT 2009"]
[Source "ChessBase"]
[SourceDate "2008.11.26"]
[SourceVersion "1"]
[SourceVersionDate "2008.11.26"]
[SourceQuality "1"]
[WhiteTeam "Dortmund Brackel II"]
[BlackTeam "Osterfeld "]
[WhiteTeamCountry "GER"]
[BlackTeamCountry "GER"]

1. Nf3 Nf6 2. c4 d6 3. Nc3 e5 4. d3 Nbd7 5. g3 Be7 6. Bg2 0-0 7. 0-0 c6 8. Rb1 Re8 9. b4 Nf8 10. b5 c5 11. a4 h6 12. Bd2 Be6 13. Ne1 Qd7 14. Nc2 Bh3 15. Ne3 Bxg2 16. Kxg2 Bd8 17. Ned5 Ne6 18. Nxf6+ Bxf6 19. Nd5 Bd8 20. e4 Nc7 21. Ne3 Ne6 22. Qg4 Kh7 23. f4 exf4 24. gxf4 Nf8 25. f5 Bf6 26. Nd5 Qd8 27. Rf3 Nd7 28. Rh3 Rh8 29. Kh1 Bd4 30. f6 Nxf6 31. Qf5+ Kg8 32. Rf1 Rh7 33. Bg5 hxg5 34. Nxf6+ Bxf6 35. Qxh7+ Kf8 36. Qf5 Ke7 37. Qd5 Qc7 38. Rhf3 Rh8 39. a5 Qxa5 40. Qxb7+ Ke6 41. e5 dxe5 42. Rxf6+ 1-0

[Event "Ruhrgebiet VL1 0708"]
[Site "Germany"]
[Date "2008.01.20"]
[Round "5.5"]
[White "Becker, Marco"]
[Black "Laudage, Bernd"]
[Result "0-1"]
[WhiteElo "1975"]
[BlackElo "2159"]
[PlyCount "62"]
[EventDate "2007.09.02"]
[EventType "team-tourn"]
[EventRounds "9"]
[EventCountry "GER"]
[SourceTitle "EXT 2009"]
[Source "ChessBase"]
[SourceDate "2008.11.26"]
[SourceVersion "1"]
[SourceVersionDate "2008.11.26"]
[SourceQuality "1"]
[WhiteTeam "Horst Emscher"]
[BlackTeam "Osterfeld "]
[WhiteTeamCountry "GER"]
[BlackTeamCountry "GER"]

1. e4 c6 2. Nc3 d6 3. g3 e5 4. Bg2 Nf6 5. d3 Be7 6. Nge2 b5 7. 0-0 0-0 8. h3 Nbd7 9. f4 b4 10. Nb1 Bb7 11. Nd2 Ne8 12. Nf3 c5 13. Kh2 Nc7 14. c3 a5 15. Be3 Re8 16. Qc2 Bf8 17. a3 Na6 18. Nh4 exf4 19. Rxf4 g5 20. Rg4 f6 21. Qb3+ c4 22. Qxc4+ d5 23. Qb5 h5 24. Qxb7 Ndc5 25. Bxc5 Nxc5 26. Qc6 Ra6 27. Qxd5+ Qxd5 28. exd5 Rxe2 29. Rc4 Nb3 30. axb4 Nxa1 31. Ng6 Nc2 0-1

[Event "Ruhrgebiet VL1 0708"]
[Site "Germany"]
[Date "2007.10.21"]
[Round "2.5"]
[White "Laudage, Bernd"]
[Black "Hobusch, Alexander"]
[Result "1/2-1/2"]
[WhiteElo "2159"]
[BlackElo "2021"]
[PlyCount "37"]
[EventDate "2007.09.02"]
[EventType "team-tourn"]
[EventRounds "9"]
[EventCountry "GER"]
[SourceTitle "EXT 2009"]
[Source "ChessBase"]
[SourceDate "2008.11.26"]
[SourceVersion "1"]
[SourceVersionDate "2008.11.26"]
[SourceQuality "1"]
[WhiteTeam "Osterfeld "]
[BlackTeam "Bochum 31 III"]
[WhiteTeamCountry "GER"]
[BlackTeamCountry "GER"]

1. e4 e6 2. d3 d5 3. Nd2 Nf6 4. c3 b6 5. Be2 Bb7 6. Qc2 c5 7. Ngf3 Be7 8. 0-0 0-0 9. Re1 Nc6 10. Nf1 Qc7 11. Ng3 Rfe8 12. Bf1 Rac8 13. Qa4 a6 14. Bd2 b5 15. Qc2 b4 16. c4 dxc4 17. dxc4 Nd7 18. Be3 Red8 19. Rad1 1/2-1/2

[Event "Ruhrgebiet VL1 0405"]
[Site "Ruhrgebiet"]
[Date "2005.02.20"]
[Round "7.7"]
[White "Laudage, Bernd"]
[Black "Wiktor, Reinhard"]
[Result "1/2-1/2"]
[WhiteElo "2086"]
[BlackElo "1910"]
[PlyCount "56"]
[EventDate "2004.09.12"]
[EventType "team-tourn"]
[EventRounds "9"]
[EventCountry "GER"]
[SourceTitle "EXT 2006"]
[Source "ChessBase"]
[SourceDate "2005.11.24"]
[SourceVersion "1"]
[SourceVersionDate "2005.11.24"]
[SourceQuality "1"]
[WhiteTeam "Osterfeld"]
[BlackTeam "Mengede SG"]
[WhiteTeamCountry "GER"]
[BlackTeamCountry "GER"]

1. e4 e6 2. d3 d6 3. g3 g6 4. Bg2 Bg7 5. Ne2 Ne7 6. Nbc3 c5 7. Be3 Nbc6 8. Qd2 h5 9. h3 a6 10. f4 Qc7 11. 0-0 f5 12. h4 b6 13. Kh1 Bb7 14. Ng1 0-0-0 15. Nf3 Bf6 16. Qf2 Rhe8 17. Rab1 Ng8 18. Qe1 Nh6 19. Nh2 Nd4 20. Qd2 Qe7 21. e5 Bg7 22. exd6 Rxd6 23. Rbe1 Qd7 24. Bxd4 Bxd4 25. Bxb7+ Qxb7+ 26. Qg2 Qxg2+ 27. Kxg2 Kd7 28. Nb1 Bf6 1/2-1/2

[Event "Ruhrgebiet VL1 0405"]
[Site "Ruhrgebiet"]
[Date "2004.11.28"]
[Round "4.7"]
[White "Bauch, Olaf"]
[Black "Laudage, Bernd"]
[Result "0-1"]
[WhiteElo "1890"]
[BlackElo "2086"]
[PlyCount "60"]
[EventDate "2004.09.12"]
[EventType "team-tourn"]
[EventRounds "9"]
[EventCountry "GER"]
[SourceTitle "EXT 2006"]
[Source "ChessBase"]
[SourceDate "2005.11.24"]
[SourceVersion "1"]
[SourceVersionDate "2005.11.24"]
[SourceQuality "1"]
[WhiteTeam "Brambauer"]
[BlackTeam "Osterfeld"]
[WhiteTeamCountry "GER"]
[BlackTeamCountry "GER"]

1. e4 c6 2. d4 d6 3. Nf3 Qc7 4. Bc4 e5 5. c3 Bg4 6. Nbd2 Nf6 7. Qc2 Be7 8. Nf1 0-0 9. Ne3 Bh5 10. Nf5 Bg6 11. N3h4 exd4 12. cxd4 Nxe4 13. Qxe4 Bxh4 14. Qxh4 Bxf5 15. 0-0 d5 16. Bb3 Nd7 17. Re1 Rfe8 18. Be3 Nf6 19. f3 a5 20. Bg5 Nd7 21. Qf2 Qb6 22. Kh1 a4 23. Rxe8+ Rxe8 24. Re1 Rxe1+ 25. Qxe1 Be6 26. Bxa4 Qxd4 27. b4 h6 28. Bd2 Qd3 29. Bb3 Nf8 30. h3 d4 0-1

[Event "Ruhrgebiet VL1 0405"]
[Site "Ruhrgebiet"]
[Date "2004.09.12"]
[Round "1.7"]
[White "Laudage, Bernd"]
[Black "Hart, Theo"]
[Result "1-0"]
[WhiteElo "2086"]
[BlackElo "1895"]
[PlyCount "92"]
[EventDate "2004.09.12"]
[EventType "team-tourn"]
[EventRounds "9"]
[EventCountry "GER"]
[SourceTitle "EXT 2006"]
[Source "ChessBase"]
[SourceDate "2005.11.24"]
[SourceVersion "1"]
[SourceVersionDate "2005.11.24"]
[SourceQuality "1"]
[WhiteTeam "Osterfeld"]
[BlackTeam "Bochum SV 02"]
[WhiteTeamCountry "GER"]
[BlackTeamCountry "GER"]

1. e4 e6 2. d3 d5 3. Nd2 Nf6 4. c3 c5 5. Qc2 Nc6 6. Ngf3 Be7 7. g3 0-0 8. Bg2 b6 9. Qa4 Bd7 10. Qc2 Qc7 11. 0-0 Rac8 12. Re1 dxe4 13. dxe4 e5 14. Nc4 Be6 15. Ne3 Rcd8 16. Ng5 Qc8 17. Nxe6 Qxe6 18. Nd5 h6 19. Qa4 Rc8 20. Be3 Rfd8 21. Rad1 Bf8 22. h3 Nh7 23. Rd2 Bd6 24. Red1 Bb8 25. Bf3 Nf6 26. Kg2 Re8 27. Be2 Kh8 28. Ba6 Rcd8 29. Bb5 Rc8 30. Be2 Red8 31. Ba6 Rg8 32. Bxc8 Rxc8 33. Nxf6 Qxf6 34. Qa6 Rg8 35. Rd7 Nd8 36. Bxc5 Ne6 37. Be3 Qg6 38. Qc4 Rf8 39. a4 Kg8 40. Kh1 Bc7 41. b4 Rd8 42. Rxd8+ Bxd8 43. Qc8 Kh7 44. Rxd8 Nxd8 45. Qxd8 Qxe4+ 46. Kh2 f5 1-0

[Event "Ruhrgebiet VL1 0304"]
[Site "Ruhrgebiet"]
[Date "2003.12.07"]
[Round "4.5"]
[White "Borger, Alexander"]
[Black "Laudage, Bernd"]
[Result "0-1"]
[WhiteElo "1957"]
[BlackElo "2075"]
[PlyCount "54"]
[EventDate "2003.09.28"]
[EventType "team-tourn"]
[EventRounds "9"]
[EventCountry "GER"]
[SourceTitle "EXT 2007"]
[Source "ChessBase"]
[SourceDate "2006.11.23"]
[SourceVersion "1"]
[SourceVersionDate "2006.11.23"]
[SourceQuality "1"]
[WhiteTeam "Steele/Kray Rochade"]
[BlackTeam "Osterfeld"]
[WhiteTeamCountry "GER"]
[BlackTeamCountry "GER"]

1. e4 g6 2. d4 Bg7 3. Nf3 c6 4. Be2 Nh6 5. 0-0 0-0 6. c4 f6 7. Nc3 Nf7 8. Be3 d6 9. Qc2 Na6 10. Rfd1 Nc7 11. Rac1 e6 12. b4 d5 13. Qb3 Kh8 14. a4 f5 15. exd5 exd5 16. cxd5 Nxd5 17. Nxd5 cxd5 18. Rc5 Be6 19. Rdc1 g5 20. g3 Qf6 21. Rd1 f4 22. gxf4 gxf4 23. Bc1 Nd6 24. Ne5 Ne4 25. Rc7 Qg5+ 26. Kf1 Bxe5 27. dxe5 Rg8 0-1

[Event "Ruhrgebiet VL1 0001"]
[Site "Ruhrgebiet"]
[Date "2001.04.08"]
[Round "8"]
[White "Laudage, Bernd"]
[Black "Mueller, Herbert"]
[Result "1-0"]
[WhiteElo "2096"]
[BlackElo "2028"]
[PlyCount "23"]
[EventDate "2000.09.17"]
[EventType "team-tourn"]
[EventRounds "9"]
[EventCountry "GER"]
[SourceTitle "EXT 2023"]
[Source "ChessBase"]
[SourceDate "2022.10.05"]
[SourceVersion "1"]
[SourceVersionDate "2022.10.05"]
[SourceQuality "1"]
[WhiteTeam "Osterfeld"]
[BlackTeam "Bochum Post"]
[WhiteTeamCountry "GER"]
[BlackTeamCountry "GER"]

1. e4 b6 2. d3 Bb7 3. c3 e6 4. Nf3 d5 5. Nbd2 dxe4 6. dxe4 Nf6 7. Qc2 Nbd7 8. Bc4 Bd6 9. 0-0 0-0 10. Re1 e5 11. Nf1 h6 12. Ng3 1-0